000 00457nam a2200181Ia 4500
005 20250423101037.0
008 250422s9999 xx 000 0 und d
020 _a0070456054
050 _aHB 172.5 .M3741/
100 _aWalstad, William B.
245 0 _aStudy guide to accompany McConnell and Brue macroeconomics
260 _aNew York
260 _bMcGraw-Hill
260 _c1993
300 _a303 p
650 _aMacroeconomics.
942 _cBK
999 _c35113
_d35113